| 000 | 00547nam a2200193 i 4500 | ||
|---|---|---|---|
| 001 | bg | ||
| 100 | 1 | _aGÓRA, Stanisław | |
| 245 | 0 |
_aMiędzynarodowa specjalizacja produkcji krajów RWPG / _cStanisław Góra, Zygmunt Knyziak. |
|
| 250 | _a[Wyd. 2]. | ||
| 260 |
_aWarszawa : _bPaństw. Wydawn. Ekon., _c1974. |
||
| 300 |
_as. 242 : _btabl. |
||
| 504 | _a[Zawiera bibliogr. s. 238-242]. | ||
| 700 | 1 | _aKNYZIAK, Zygmunt | |
| 040 | _cBPK | ||
| 041 | _apol | ||
| 080 | _a62:339.91 | ||
| 942 | _cKS | ||
| 008 | s pl f |000 0 pol | ||
| 999 |
_c26535 _d26535 |
||
| 856 |
_uhttp://koha.tu.koszalin.pl/cgi-bin/koha/opac-detail.pl?biblionumber=26535 _yKatalog online BPK |
||